zpět

Detail výsledku týmu

The PUB Praha 6 PO, Praha

Datum a čas kvízu

30.5 Celkem bodů Celkový počet nahraných bodů na tomto kvízu bez doplňovacích otázek.
6. Pořadí na kvízu Konečné umístění týmu na tomto kvízu.

Zaznamenané odpovědi

# Otázka Odpověď Body Výsledky
1. V pražském obchodním domě Máj... (lidskou) kostru 0
2. V pondělí jsme se dozvěděli o... Starbucks 1
3. Minulý týden byl představen tr... Jiří Mádl; Tomáš Vorel (ml.) 1
4. Americká společnost Alphabet,... Wiz 0
5. Uveďte název zimního střediska... Svatý Mořic/St. Moritz; paralelní obří slalom 0
6. Podíváme se na temné stránky d... A) Diviš Bořek z Miletínka 0
7. Doba pobělohorská znamenala zá... Obnovené zřízení zemské 0
8. První světová válka znamenala... Zborov 1
9. V období tzv. Protektorátu se... Josef Balabán, Josef Mašín, Václav Morávek 0.5
10. Jedním z nejkontroverznějších... v roce 1953, Antonín Zápotocký 0.5